Estudio genético de la variabilidad de un carácter que se manifiesta según un modelo / (Record no. 180440)

MARC details
000 -LEADER
campo de control de longitud fija 00743nam a2200193 i 4500
001 - NÚMERO DE CONTROL
campo de control 180440
003 - IDENTIFICADOR DE NÚMERO DE CONTROL
campo de control ES-MaACL
005 - FECHA Y HORA DE LA ÚLTIMA TRANSACCIÓN
campo de control 20230906221109.0
008 - DATOS DE LONGITUD FIJA--INFORMACIÓN GENERAL
campo de control de longitud fija 120604s1970 sp |||| | spa d
080 ## - NÚMERO DE LA CLASIFICACIÓN DECIMAL UNIVERSAL
Número de la Clasificación Decimal Universal 575.1(043.2)
100 1# - ENTRADA PRINCIPAL--NOMBRE DE PERSONA
Nombre de persona Mensua Fernández, J. L.
9 (RLIN) 80382
245 10 - MENCIÓN DEL TÍTULO
Título Estudio genético de la variabilidad de un carácter que se manifiesta según un modelo /
Mención de responsabilidad, etc. por José Luis Mensua Fernández.
260 ## - PUBLICACIÓN, DISTRIBUCIÓN, ETC.
Lugar de publicación, distribución, etc. Barcelona :
Nombre del editor, distribuidor, etc. Estudio sobre los espacios-tiempos del tipo de Kerr-Schild [Texto impreso],
Fecha de publicación, distribución, etc. 1970.
300 ## - DESCRIPCIÓN FÍSICA
Extensión 23 p. :
Otras características físicas gráf. ;
Dimensiones 24 cm.
502 ## - NOTA DE TESIS
Nota de tesis Resumen de tesis--Universidad Barcelona.
650 04 - PUNTO DE ACCESO ADICIONAL DE MATERIA--TÉRMINO DE MATERIA
Término de materia o nombre geográfico como elemento de entrada Herencia (Biología)
9 (RLIN) 13323
710 2# - ENTRADA AGREGADA--NOMBRE DE ENTIDAD CORPORATIVA
Nombre de entidad corporativa o nombre de jurisdicción como elemento de entrada Universidad de Barcelona.
9 (RLIN) 7141
852 ## - LOCALIZACIÓN
Ubicación ES-MaACL
Número de control de estantería E-15362(35)
Holdings
Estatus retirado Estado de pérdida Estado de daño No para préstamo Biblioteca de origen Biblioteca actual Ubicación en estantería Fecha de adquisición Fuente de adquisición Total de préstamos Signatura topográfica completa Código de barras Visto por última vez Precio de reemplazo Tipo de ítem Koha
        Biblioteca del Ateneo de Madrid Biblioteca del Ateneo de Madrid Depósito 2 04/06/2012     E-15362(35) 1189596 23/02/2023 23/02/2023 Libro impreso